<?xml version="1.0" encoding="UTF-8"?>
<record
    xmlns:xsi="http://www.w3.org/2001/XMLSchema-instance"
    xsi:schemaLocation="http://www.loc.gov/MARC21/slim http://www.loc.gov/standards/marcxml/schema/MARC21slim.xsd"
    xmlns="http://www.loc.gov/MARC21/slim">

  <leader>01495nam a2200253   4500</leader>
  <controlfield tag="001">113557</controlfield>
  <controlfield tag="003">DR-UNIBE</controlfield>
  <controlfield tag="005">20250506111042.0</controlfield>
  <controlfield tag="008">250506b2009    mx ||||| |||| 00| 0 spa d</controlfield>
  <datafield tag="020" ind1=" " ind2=" ">
    <subfield code="a">9786074680294</subfield>
  </datafield>
  <datafield tag="040" ind1=" " ind2=" ">
    <subfield code="a">BIBLIOTECA UNIBE</subfield>
    <subfield code="c">BIBLIOTECA UNIBE</subfield>
    <subfield code="b">spa</subfield>
    <subfield code="e">rda</subfield>
  </datafield>
  <datafield tag="041" ind1=" " ind2=" ">
    <subfield code="a">spa</subfield>
  </datafield>
  <datafield tag="082" ind1=" " ind2=" ">
    <subfield code="2">22</subfield>
    <subfield code="a">342 C65e</subfield>
  </datafield>
  <datafield tag="111" ind1="1" ind2="0">
    <subfield code="a"> Conferencia Iberoamericana de Justicia Constitucional </subfield>
    <subfield code="c">M&#xE9;rida, Yucat&#xE1;n, M&#xE9;xico</subfield>
    <subfield code="d"> 2009</subfield>
    <subfield code="9">194916</subfield>
  </datafield>
  <datafield tag="245" ind1="1" ind2="0">
    <subfield code="a">Estructura y atribuciones de los tribunales y salas constitucionales de Iberoam&#xE9;rica /</subfield>
    <subfield code="c">VII Conferencia Iberoamericana de Justicia Constitucional, M&#xE9;rida, Yucat&#xE1;n, M&#xE9;xico, 2009</subfield>
  </datafield>
  <datafield tag="260" ind1=" " ind2=" ">
    <subfield code="a">M&#xE9;rida, Yucat&#xE1;n : </subfield>
    <subfield code="b">Suprema Corte de Justicia de M&#xE9;xico,</subfield>
    <subfield code="c">2009</subfield>
  </datafield>
  <datafield tag="300" ind1=" " ind2=" ">
    <subfield code="a">xii, 1162 p&#xE1;ginas : </subfield>
    <subfield code="b">cuadros ; </subfield>
    <subfield code="c">25 x 18 cm</subfield>
  </datafield>
  <datafield tag="505" ind1=" " ind2=" ">
    <subfield code="a">Presentaci&#xF3;n |
Andorra |
Argentina |
Bolivia |
Brasil |
Chile |
Colombia |
Costa Rica |
El Salvador |
Espa&#xF1;a |
Guatemala |
Honduras |
M&#xE9;xico |
Nicaragua |
Panam&#xE1; |
Paraguay |
Per&#xFA; |
Portugal |
Puerto Rico|
Rep&#xFA;blica Bolivariana de Venezuela |
Rep&#xFA;blica Dominicana |
Uruguay 

 </subfield>
  </datafield>
  <datafield tag="650" ind1=" " ind2="7">
    <subfield code="2">lemb</subfield>
    <subfield code="a">Tribunales constitucionales </subfield>
    <subfield code="z">Iberoamerica</subfield>
    <subfield code="x">Congresos, conferencias, etc</subfield>
    <subfield code="9">194927</subfield>
  </datafield>
  <datafield tag="650" ind1=" " ind2="7">
    <subfield code="2">lemb</subfield>
    <subfield code="a">Salas constitucionales</subfield>
    <subfield code="z">Iberoamerica</subfield>
    <subfield code="x">Congresos, conferencias, etc</subfield>
    <subfield code="9">194928</subfield>
  </datafield>
  <datafield tag="650" ind1=" " ind2=" ">
    <subfield code="2">lemb</subfield>
    <subfield code="a">Derecho constitucional comparado</subfield>
    <subfield code="x">Congresos, conferencias, etc</subfield>
    <subfield code="9">194929</subfield>
  </datafield>
  <datafield tag="700" ind1="1" ind2="0">
    <subfield code="a">Aguirre Anguiano, Sergio Salvador,</subfield>
    <subfield code="d">1943-</subfield>
    <subfield code="9">194922</subfield>
    <subfield code="e">presentador</subfield>
  </datafield>
  <datafield tag="942" ind1=" " ind2=" ">
    <subfield code="2">ddc</subfield>
    <subfield code="c">BK</subfield>
  </datafield>
  <datafield tag="999" ind1=" " ind2=" ">
    <subfield code="c">113557</subfield>
    <subfield code="d">113557</subfield>
  </datafield>
  <datafield tag="952" ind1=" " ind2=" ">
    <subfield code="0">0</subfield>
    <subfield code="1">0</subfield>
    <subfield code="2">ddc</subfield>
    <subfield code="7">0</subfield>
    <subfield code="8">GEN</subfield>
    <subfield code="a">Principal</subfield>
    <subfield code="d">2025-04-08</subfield>
    <subfield code="l">0</subfield>
    <subfield code="o">342 C65e</subfield>
    <subfield code="p">250398</subfield>
    <subfield code="r">2025-05-06 10:46:26</subfield>
    <subfield code="t">Ej. 1</subfield>
    <subfield code="w">2025-05-06</subfield>
    <subfield code="y">BK</subfield>
  </datafield>
</record>
